Asian Capitals by Bodies of Water - Statistics

General Stats
  • This quiz has been taken 49 times
  • The average score is 10 of 44
Answers on the Map
Answers color-coded by a green-red scale on the quiz's map according to % correct below.
 
Answer Stats
Country Body of Water Capital % Correct
United Arab Emirates Khor Al Baghal/Khor Laffan/Persian Gulf Abu Dhabi
68%
Qatar Persian Gulf Doha
68%
Kuwait Kuwait Bay/Persian Gulf Kuwait City
68%
Maldives Indian Ocean Malé
68%
Bahrain Abu Mahir/Khawr al Qulay'ah/Persian Gulf Manama
68%
Azerbaijan Caspian Sea Baku
66%
Lebanon Mediterranean Sea Beirut
66%
Cambodia Bassac River/Mekong River/Tonle Sap River Phnom Penh
58%
Laos Mekong River Vientiane
58%
Iraq Tigris River Baghdad
47%
Oman Gulf of Oman/Wadi Muscat
39%
Thailand Chao Phraya River/Gulf of Thailand Bangkok
34%
Vietnam Ho Tay/Red River/To Lich River Hanoi
34%
Singapore Johor Strait/Singapore Strait Singapore
26%
South Korea Han River Seoul
24%
Brunei Brunei River/Sungai Agar/Sungai Akar/Sungai Berakas/Sungai Kedayan/Sungai Menglait/Sungai Pulaie Bandar Seri Begawan
18%
East Timor Banda Sea/Comoro River Dili
16%
Georgia Mtkvari/Tbilisi Reservoir Tbilisi
11%
China Beisha River/Chaobai River/Liangshui River/Lingou River/Nansha River/Shahe Reservoir/Qinghe River/Tonghui River/Wenyu River/Yongding River Beijing
8%
Indonesia Jakarta Bay Jakarta
8%
Philippines Manila Bay/Pasig River Manila
8%
India Yamuna River New Delhi
8%
Cyprus Kanli Dere/Pedieos Nicosia
8%
Kazakhstan Ishim River/Taldykol' Ozero Nur-Sultan
8%
Japan Arakawa River/Sumida River Tokyo
8%
Turkey Çubuk Stream Ankara
5%
Kyrgyzstan Al-Archa/Great Chuy Canal Bishkek
5%
Syria Barada River Damascus
5%
Bangladesh Buriganga River/Dhaleshwari River/Shitalakshya River/Turag River Dhaka
5%
Pakistan Burma Bridge/Jhod Kas/Jinnah Stream/Kurang River/Ling Stream/Nallah Lai/Rawal Lake/Sandaymar River/Soan River/Swaan River Islamabad
5%
Afghanistan Darya-e- Kabul/Hashmat Khan Lake Kabul
5%
Nepal Bagmati River/Bishnumati River Kathmandu
5%
Malaysia Gombak River/Kerayong River/Klang River/Kuyoh River/Sungai Batu/Sungai Keroh Kuala Lumpur
5%
Myanmar Ngalaik Creek/Ngalait River Naypyidaw
5%
North Korea Potong/Taedong Pyongyang
5%
Taiwan Keelung River/Tamsui River Taipei
5%
Uzbekistan Ankhor/Bozsu/Burdjar/Chirchiq/Zah Aryk Tashkent
5%
Iran Jajrud River Tehran
5%
Bhutan Thimphu Chu Thimphu
5%
Mongolia Selbe River/Tuul Gol Ulaanbaatar
5%
Armenia Hrazdan River/Nizhne Razdanskiy/Yerevanyan Lake Yerevan
5%
Turkmenistan Karakum Canal/Kurtlinskoe Reservoir Ashgabat
3%
Tajikistan Gissar Canal/Kafirnigan/Varzob Dushanbe
3%
Sri Lanka Diyawanna Lake/Kolonnawa Canal Sri Jayawardenepura Kotte
3%
No matching quizzes found
Score Distribution
Percent of People with Each Score
Percentile by Number Answered
Your Score History
You have not taken this quiz